000 00437nam a22001817a 4500
003 CEME
005 20210628203150.0
008 210119b xxu||||| |||| 00| 0 eng d
020 _a81-7141-895-3
040 _cceme
082 _a512.9432 SHA
100 _aSharma, A.K
_98820
245 _aText book of determinants
260 _aNEW DELHI
_bDISCOVERY
_c2004
300 _a160 P
650 _aDETERMINANTS
_920193
942 _cBK
_2ddc
999 _c572457
_d572457